|
|
|
|
| LEADER |
00000nam a22000007a 4500 |
| 005 |
20190524003637.0 |
| 007 |
cr|||| |||| |
| 008 |
190524s2019 es |||||s|||| 00||0 spa d |
| 020 |
|
|
|a 978-84-120019-4-5
|
| 035 |
|
|
|a 23696
|
| 040 |
|
|
|a vLex
|
| 090 |
|
|
|c 8800
|d 8800
|
| 100 |
1 |
|
|a Martn̕ Ostos, Jos ̌de los Santos
|
| 245 |
1 |
2 |
|a La tutela de la vc̕tima de trata
|h [Recurso electrn̤ico] :
|b una perspectiva penal, procesal e internacional /
|c Jos ̌de los Santos Martn̕ Ostos, Pilar Martn̕ Ro̕s
|
| 256 |
|
|
|a Servicio en ln̕ea
|
| 260 |
|
|
|a Barcelona:
|b J.M. Bosch Editor,
|c 2019
|
| 300 |
|
|
|a 1 recurso electrn̤ico
|
| 500 |
|
|
|a La obra colectiva que se presenta realiza un completo anl̀isis de un problema sociojurd̕ico de primer orden: la trata de personas como moderna forma de esclavitud. Como seąlara, en 2010, la Alta Comisionada de las Naciones Unidas para los Derechos Humanos, esta cuestin̤ ha pasado de ocupar un lugar marginal a formar parte de las grandes preocupaciones de la comunidad internacional. Puesto que nos encontramos ante un fenm̤eno complejo, poliďrico, en el que se aprecian distintas facetas, y en cuya produccin̤ convergen factores de diversa n̕dole, su abordaje ha de plantearse, tambiň, desde una perspectiva multidisciplinar. De tal convencimiento surge la decisin̤ de contar con un elenco de autores lo suficientemente amplio y heterogňeo como para realizar –desde la p̤tica jurd̕ica, que es la que orienta el presente trabajo– un examen exhaustivo de la materia abordada. En las pg̀inas interiores, encontrar ̀el lector contribuciones de diez Doctores en Derecho, de distintas nacionalidades, que abordan aspectos penales, criminolg̤icos, procesales e internacionales relativos a la trata de personas.
|
| 506 |
1 |
|
|a Disponible solo en los productos indicados
|d vLex Global
|d vLex Global (Academic Edition, excluding Law Schools)
|d vLex Global (U.S. Academic Edition, Law Schools)
|d vLex Global (U.S. Academic Edition, excluding Law Schools)
|d vLex Global (Academic Edition, Law Schools)
|
| 650 |
0 |
4 |
|a Derecho Penal
|z Espaą
|
| 650 |
0 |
4 |
|a Derecho Procesal
|z Espaą
|
| 650 |
0 |
4 |
|a Derecho Internacional
|z Espaą
|
| 700 |
1 |
|
|a Ro̕s, Pilar Martn̕
|
| 740 |
0 |
|
|a vLex Libros (Servicio en ln̕ea)
|
| 856 |
4 |
0 |
|u http://vlex.com/source/tutela-de-la-victima-de-trata-una-perspectiva-penal-procesal-e-internacional-23696
|z Acceso restringido
|
| 942 |
|
|
|c BOOK
|
| 999 |
0 |
|
|a Criminal Law
|
| 999 |
0 |
|
|a Procedural Law
|
| 999 |
0 |
|
|a International Law
|